Mundos paralelos (Registo nº 1244)

Detalhes MARC
000 -Etiqueta do registo
Cabeçalho 00916nam0a2200313 4500
005 - Identificador da versão
Campo de controlo 20240813121830.0
010 ## - Número internacional normalizado dos livros (ISBN)
Número (ISBN) 9789722330596
021 ## - Número do Depósito Legal
Código do país PT
Número 217326/04
Código do país PT
Número 268377/07
Código do país PT
Número 269177/07
100 ## - Dados gerais de processamento
Dados gerais de processamento 20160622d2004 m y0pory5003 ba
102 ## - Pais de publicação ou produção
País de publicação Portugal
101 1# - Língua de publicação
Língua do texto, banda sonora, etc. Português
Língua do documento no original Inglês
215 ## - Descrição física 
Indicação específica da natureza do documento e extensão da espécie 341, [2] p
200 1# - Titulo e menção de responsabilidade
Título próprio Mundos paralelos
Primeira menção de responsabilidade Philip Pullman
Outras menções de responsabilidade trad. Maria do Rosário Monteiro
225 2# - Colecção 
Título próprio da colecção Via láctea
Indicação de volume 8
205 ## - Menção da edição
Menção da edição 4ª ed
210 ## - Publicação, Distribuição, etc. 
Lugar da edição, distribuição, etc. Lisboa
Nome do editor, distribuidor, etc. Presença
Data da publicação, distribuição, etc. 2004
517 1# - Outras variantes do título
Variant Title <Os >reinos do norte. Vol. 1
606 ## - Nome comum usado como assunto
Número de registo de entrada de autoridade 0002328
Palavra de ordem Literatura inglesa
Subdivisão de assunto Ficção científica
Código do sistema CA
675 ## - Classificação Decimal Universal (CDU)
Notação 821.111-311.9
Edição 3ª ed.
Língua da edição por
702 #1 - Nome de autor-pessoa física (responsabilidade secundária)
Número de registo de entrada de autoridade 0001748
Palavra de ordem Monteiro
Outra parte do nome não tomada para palavra de ordem Maria do Rosário Ferreira
Código de função Tradutor
700 #1 - Nome de autor-pessoa física (responsabilidade principal)
Número de registo de entrada de autoridade 0003003
Palavra de ordem Pullman
Outra parte do nome não tomada para palavra de ordem Philip
Datas 1946-
900 ## -
-- BIBNAC
-- 20091120
966 ## - Identificação da Biblioteca
Sigla EB2,3ENM
942 ## - Elementos de entrada adicionados (Koha)
Tipo de item no Koha Livro
Exemplares
Situação do levantamento Origin of item (home branch) (coded) Biblioteca de empréstimo Código de barras Cota Circulation type (not for loan) Tipo de documento Nota do exemplar Damaged status
  Biblioteca Escolar Eng. Nuno Mergulhão Biblioteca Escolar Eng. Nuno Mergulhão BENM2600 82LE-3 PUL   Livro Sem mensagem